000 00460nam a2200181Ia 4500
003 GCL
008 140319s9999 xx 000 0 eng d
040 _aGCL /
_cGCL
082 0 4 _a706.88
_bK H
100 1 _aKATCHEN, CAROLE
245 1 0 _aHOW TO GET STARTED SELLING YOUR ART /
_cKATCHEN, CAROLE
260 _a[S.N] :
_bNORTH LIGHT BOOKS ،
_c1996
300 _a127 P
650 0 4 _aORGANIZATION
650 0 4 _aARTS
650 0 4 _aMARKETING
942 _2ddc
_cBK
999 _c15721
_d15721